[Event "Gold Coast op"]
[Site "Gold Coast"]
[Date "2023.07.07"]
[Round "5"]
[White "Teh, Rui Gen"]
[Black "Chan, Luis"]
[Result "1/2-1/2"]
[WhiteElo "2040"]
[BlackElo "2169"]
[PlyCount "60"]
[EventDate "2023.07.05"]
[EventType "swiss"]
[EventRounds "9"]
[EventCountry "AUS"]
[SourceTitle "CBM 215 Extra"]
[Source "ChessBase"]
[SourceDate "2023.09.30"]
[SourceVersion "1"]
[SourceVersionDate "2023.09.30"]
[SourceQuality "1"]

1. e4 e6 2. f4 d5 3. e5 c5 4. Nf3 Nc6 5. c3 Nh6 6. Na3 f6 7. exf6 Qxf6 8. g3 Bd6 9. Be2 0-0 10. 0-0 Nf5 11. Nc2 Bd7 12. d3 Qg6 13. Rf2 e5 14. Nxe5 Nxe5 15. Bh5 Qe6 16. fxe5 Bxe5 17. Qe2 Qd6 18. Bf4 Bxf4 19. Rxf4 g6 20. Bg4 Rae8 21. Qg2 Kg7 22. Raf1 b6 23. Qf2 a5 24. Bxf5 Bxf5 25. Ne3 Be6 26. Rxf8 Rxf8 27. Qxf8+ Qxf8 28. Rxf8 Kxf8 29. d4 g5 30. g4 Ke7 1/2-1/2

[Event "Titled Tuesday intern op 23rd May Early"]
[Site "Chess.com INT"]
[Date "2023.05.23"]
[Round "4"]
[White "Chan, Luis"]
[Black "Martinez Ramirez, Lennis"]
[Result "1-0"]
[WhiteElo "2181"]
[BlackElo "2426"]
[PlyCount "79"]
[EventDate "2023.05.23"]
[EventType "swiss (blitz)"]
[EventRounds "11"]
[EventCountry "USA"]
[SourceTitle "CBM 214 Extra"]
[Source "ChessBase"]
[SourceDate "2023.07.31"]
[SourceVersion "1"]
[SourceVersionDate "2023.07.31"]
[SourceQuality "1"]

1. b3 Nf6 2. Bb2 g6 3. Bxf6 exf6 4. c4 Bg7 5. Nc3 0-0 6. g3 Nc6 7. Bg2 f5 8. Rc1 Re8 9. e3 Ne5 10. d4 Ng4 11. Nge2 c6 12. 0-0 d6 13. Nf4 h5 14. h4 a5 15. Qd3 Bd7 16. a3 Qf6 17. b4 axb4 18. axb4 Ra7 19. b5 Rea8 20. c5 d5 21. Ncxd5 cxd5 22. Nxd5 Qd8 23. c6 bxc6 24. bxc6 Be6 25. c7 Qd6 26. Rc6 Qd7 27. Nb6 Qxc6 28. Bxc6 Rf8 29. d5 Rxc7 30. dxe6 Rxc6 31. Nd7 Rxe6 32. Nxf8 Bxf8 33. Rb1 Kg7 34. Qd4+ Nf6 35. Rb7 Be7 36. Kg2 Kf8 37. Qc4 Ne4 38. Qc8+ Kg7 39. Rb8 Nf6 40. Qh8# 1-0

[Event "Titled Tuesday intern op 23rd May Early"]
[Site "Chess.com INT"]
[Date "2023.05.23"]
[Round "5"]
[White "Tsyhanchuk, Stanislav"]
[Black "Chan, Luis"]
[Result "1-0"]
[WhiteElo "2273"]
[BlackElo "2181"]
[PlyCount "169"]
[EventDate "2023.05.23"]
[EventType "swiss (blitz)"]
[EventRounds "11"]
[EventCountry "USA"]
[SourceTitle "CBM 214 Extra"]
[Source "ChessBase"]
[SourceDate "2023.07.31"]
[SourceVersion "1"]
[SourceVersionDate "2023.07.31"]
[SourceQuality "1"]

1. c4 Nf6 2. Nc3 g6 3. e4 d6 4. d4 Bg7 5. f4 0-0 6. Nf3 c5 7. d5 e6 8. Be2 exd5 9. exd5 Re8 10. 0-0 Bf5 11. Bd3 Ne4 12. Nxe4 Bxe4 13. Bxe4 Rxe4 14. Ng5 Rxc4 15. Qe2 Rd4 16. f5 h6 17. Nxf7 Qf6 18. Qe8+ Kh7 19. fxg6+ Qxg6 20. Bf4 Re4 21. Qc8 Qxf7 22. Bxd6 Qd7 23. Qxd7 Nxd7 24. Rf7 Nf6 25. Rf1 Kg6 26. Rxb7 Rd8 27. Bxc5 Rxd5 28. Bb4 Ng4 29. Bc3 Bxc3 30. bxc3 Ne3 31. Rc1 Rd2 32. g3 Rxa2 33. Rc7 Rc4 34. Re7 Nd5 35. Re6+ Kf7 36. Rxh6 Nxc3 37. Rf1+ Ke7 38. Rh7+ Kd6 39. Rh6+ Ke5 40. Rh5+ Kd4 41. Rf2 Rxf2 42. Kxf2 Ne4+ 43. Kf3 Rc3+ 44. Kf4 Nd2 45. Rh8 Rc7 46. Rd8+ Kc3 47. h4 a5 48. Ra8 Nc4 49. h5 Rf7+ 50. Kg5 Rg7+ 51. Kh4 Kb4 52. h6 Rg6 53. h7 Rxg3 54. h8Q Rd3 55. Qb8+ Kc3 56. Qc7 Kb3 57. Rxa5 Nxa5 58. Qxa5 Rd4+ 59. Kg3 Rd3+ 60. Kf4 Rd4+ 61. Ke5 Ra4 62. Qd5+ Kb4 63. Qd3 Ra5+ 64. Kd4 Rb5 65. Qb1+ Ka5 66. Qa2+ Kb6 67. Kc4 Rc5+ 68. Kd4 Rc6 69. Qa4 Kc7 70. Kd5 Rd6+ 71. Kc5 Re6 72. Qa7+ Kd8 73. Kd5 Rf6 74. Qb8+ Ke7 75. Qc7+ Ke8 76. Ke5 Rf7 77. Qc8+ Ke7 78. Qc5+ Ke8 79. Ke6 Rd7 80. Qc8+ Rd8 81. Qc7 Rd6+ 82. Kxd6 Kf8 83. Ke6 Kg8 84. Kf6 Kh8 85. Qg7# 1-0

[Event "Titled Tuesday intern op 07th Feb Late"]
[Site "Chess.com INT"]
[Date "2023.02.07"]
[Round "9"]
[White "Chan, Luis"]
[Black "Buchenau, Frank"]
[Result "1-0"]
[WhiteElo "2208"]
[BlackElo "2222"]
[PlyCount "109"]
[EventDate "2023.02.07"]
[EventType "swiss (blitz)"]
[EventRounds "11"]
[EventCountry "USA"]
[SourceTitle "EXT 2024"]
[Source "ChessBase"]
[SourceDate "2023.10.10"]
[SourceVersion "1"]
[SourceVersionDate "2023.10.10"]
[SourceQuality "1"]

1. b3 d5 2. Bb2 Bg4 3. f3 Bf5 4. e4 dxe4 5. Qe2 Nc6 6. fxe4 Bg6 7. Nf3 Nf6 8. d3 e6 9. Nbd2 Bc5 10. 0-0-0 Nd4 11. Nxd4 Bxd4 12. c3 Bb6 13. g4 h5 14. g5 Ng4 15. d4 Qxg5 16. Bg2 Ne3 17. Rdg1 0-0-0 18. Bf3 Qf4 19. h3 e5 20. Re1 exd4 21. cxd4 Nd5 22. exd5 Rhe8 23. Qc4 Ba5 24. Bc3 Bxc3 25. Qxc3 Bf5 26. Kb2 Rxe1 27. Rxe1 Bxh3 28. Re5 Bg4 29. Bxg4+ hxg4 30. d6 Rxd6 31. Re8+ Kd7 32. Re4 Qf2 33. Kc2 f5 34. Re5 g3 35. Qc4 Qxd4 36. Qf7+ Kc6 37. Qc4+ Qxc4+ 38. Nxc4 g2 39. Re1 Rg6 40. Ne5+ Kd5 41. Nxg6 Kd4 42. Nf4 g5 43. Nxg2 f4 44. Kd2 c5 45. Ke2 b5 46. Rc1 c4 47. bxc4 bxc4 48. Kf3 c3 49. Ne1 Kc4 50. Rc2 Kb4 51. Kg4 a5 52. Kxg5 f3 53. Nxf3 a4 54. Ne1 a3 55. Kf4 1-0

[Event "Titled Tuesday intern op 07th Feb Late"]
[Site "Chess.com INT"]
[Date "2023.02.07"]
[Round "7"]
[White "Mesa Cruz, Juan Carlos"]
[Black "Chan, Luis"]
[Result "0-1"]
[WhiteElo "2145"]
[BlackElo "2208"]
[PlyCount "82"]
[EventDate "2023.02.07"]
[EventType "swiss (blitz)"]
[EventRounds "11"]
[EventCountry "USA"]
[SourceTitle "EXT 2024"]
[Source "ChessBase"]
[SourceDate "2023.10.10"]
[SourceVersion "1"]
[SourceVersionDate "2023.10.10"]
[SourceQuality "1"]

1. e4 e6 2. Qe2 Be7 3. Nf3 d5 4. exd5 exd5 5. g3 Nf6 6. Bg2 0-0 7. 0-0 Re8 8. d3 Bg4 9. h3 Bh5 10. Qd1 Nc6 11. c3 d4 12. c4 h6 13. Bf4 Bd6 14. Bxd6 Qxd6 15. a3 a5 16. Nbd2 Bg6 17. Qc2 Nd7 18. Rfe1 Nc5 19. Ne4 Nxe4 20. dxe4 d3 21. Qc3 Bxe4 22. Rad1 Rad8 23. Re3 Bxf3 24. Rxf3 Nd4 25. Kh2 Nxf3+ 26. Bxf3 b6 27. Bd5 c6 28. Bf3 d2 29. Kg2 Re6 30. Qb3 Qd4 31. Qc2 Re1 32. b4 Rxd1 33. Bxd1 Qd3 34. Qxd3 Rxd3 35. c5 bxc5 36. bxa5 Rxa3 37. Kf1 Rxa5 38. Ke2 Ra2 39. Kd3 Kf8 40. f4 Ke7 41. g4 f5 0-1

[Event "Titled Tuesday intern op 31st Jan Late"]
[Site "Chess.com INT"]
[Date "2023.01.31"]
[Round "5"]
[White "Chan, Luis"]
[Black "Pein, Jonathan"]
[Result "0-1"]
[WhiteElo "2192"]
[BlackElo "2252"]
[PlyCount "96"]
[EventDate "2023.01.31"]
[EventType "swiss (blitz)"]
[EventRounds "11"]
[EventCountry "USA"]
[SourceTitle "CBM 212 Extra"]
[Source "ChessBase"]
[SourceDate "2023.03.31"]
[SourceVersion "1"]
[SourceVersionDate "2023.03.31"]
[SourceQuality "1"]

1. b3 e5 2. Bb2 Nc6 3. e3 d5 4. Bb5 Bd6 5. f4 Qh4+ 6. g3 Qe7 7. Nf3 Bg4 8. fxe5 Bxe5 9. Bxe5 Bxf3 10. Qxf3 Qxe5 11. 0-0 Nf6 12. Nc3 0-0 13. Bxc6 bxc6 14. Qf4 Rfe8 15. Qxe5 Rxe5 16. Rf4 Ne4 17. d4 Nxc3 18. dxe5 Ne2+ 19. Kf2 Nxf4 20. gxf4 Kf8 21. Rc1 Rd8 22. Ke2 c5 23. c4 d4 24. Rd1 a5 25. Kf3 Ke7 26. Ke4 dxe3 27. Rg1 e2 28. Re1 Rd2 29. Ke3 Rxa2 30. Rxe2 Ra3 31. Ke4 Rxb3 32. Kd5 a4 33. Kxc5 a3 34. Kc6 Rb2 35. Re3 a2 36. Ra3 Rxh2 37. c5 Rc2 38. Kd5 h5 39. Ra7 Kd7 40. c6+ Rxc6 41. Rxa2 Rh6 42. Ke4 h4 43. Rh2 h3 44. Kf5 c5 45. Ke4 Kc6 46. f5 Rh4+ 47. Kd3 Kd5 48. f6 g6 0-1

[Event "Titled Tuesday intern op 04th Oct Late"]
[Site "Chess.com INT"]
[Date "2022.10.04"]
[Round "3"]
[White "Chan, Luis"]
[Black "Tanenbaum, Zachary Chen"]
[Result "0-1"]
[WhiteElo "2192"]
[BlackElo "2178"]
[PlyCount "126"]
[EventDate "2022.10.04"]
[EventType "swiss (blitz)"]
[EventRounds "11"]
[EventCountry "USA"]
[SourceTitle "EXT 2023"]
[Source "ChessBase"]
[SourceDate "2022.10.05"]
[SourceVersion "1"]
[SourceVersionDate "2022.10.05"]
[SourceQuality "1"]

1. b3 e5 2. Bb2 Nc6 3. e3 a6 4. Ne2 d5 5. d4 e4 6. c4 Nf6 7. cxd5 Nxd5 8. Nbc3 Bb4 9. a3 Bxc3+ 10. Nxc3 Be6 11. Nxe4 Qh4 12. Ng3 0-0 13. Bd3 f5 14. Qh5 Qf6 15. 0-0 g6 16. Qh6 Rae8 17. e4 fxe4 18. Nxe4 Qf4 19. Ng5 Re7 20. Bxg6 hxg6 21. Qxg6+ Kh8 22. Nxe6 Rxe6 23. Qxe6 Qg5 24. Qh3+ Kg8 25. Qg3 Qxg3 26. hxg3 Rf7 27. Rae1 Na5 28. b4 Nc4 29. Bc1 b5 30. Re6 Nc3 31. Rfe1 Rd7 32. Rxa6 Rxd4 33. Rc6 Rd7 34. Bh6 Kf7 35. g4 Nd5 36. g5 Nd6 37. g3 Ne7 38. Rc2 Nef5 39. Rc5 Nd4 40. Kg2 Ne6 41. Rd5 c6 42. Rd2 Nc7 43. Red1 Nd5 44. f4 Nc4 45. Re2 Nde3+ 46. Rxe3 Nxe3+ 47. Kf3 Nxd1 48. f5 Rd3+ 49. Ke4 Rxg3 50. g6+ Kf6 51. Bf4 Rg4 52. Kf3 Kxf5 53. Bd2 Rxg6 54. Ke2 Rg1 55. Bh6 Nb2 56. Kd2 Nc4+ 57. Kc3 Ke4 58. Bf8 Rg3+ 59. Kc2 Nxa3+ 60. Kb2 Nc4+ 61. Ka2 Kd3 62. Bc5 Kc2 63. Bd4 Ra3# 0-1

[Event "Titled Tuesday intern op 04th Oct Late"]
[Site "Chess.com INT"]
[Date "2022.10.04"]
[Round "5"]
[White "Mikhailovsky, Vladimir"]
[Black "Chan, Luis"]
[Result "1-0"]
[WhiteElo "2215"]
[BlackElo "2192"]
[PlyCount "105"]
[EventDate "2022.10.04"]
[EventType "swiss (blitz)"]
[EventRounds "11"]
[EventCountry "USA"]
[SourceTitle "EXT 2023"]
[Source "ChessBase"]
[SourceDate "2022.10.05"]
[SourceVersion "1"]
[SourceVersionDate "2022.10.05"]
[SourceQuality "1"]

1. Nf3 d5 2. b3 c5 3. Bb2 Nc6 4. e3 a6 5. d4 Bg4 6. Be2 e6 7. 0-0 Nf6 8. dxc5 Bxc5 9. Ne5 Bxe2 10. Qxe2 Nxe5 11. Bxe5 0-0 12. Nd2 Rc8 13. c4 Qe7 14. Rfd1 Rfd8 15. Rac1 Ba3 16. Rc2 b5 17. Nf3 dxc4 18. Rxd8+ Qxd8 19. bxc4 Nd7 20. Bd4 Qc7 21. Nd2 Bb4 22. c5 e5 23. Bb2 Bxc5 24. Nb3 Qb6 25. Nxc5 Rxc5 26. Rxc5 Qxc5 27. Qd2 Qc6 28. Bxe5 h6 29. Bd4 Nb6 30. h3 Nc4 31. Qb4 Qe4 32. a4 Qd5 33. axb5 axb5 34. Qb3 f6 35. Qb4 Kf7 36. Qb1 Nd6 37. Qc1 Ne4 38. Qc7+ Kg6 39. Qb6 Qf5 40. f3 Ng3 41. Kf2 Nh1+ 42. Kg1 Qb1+ 43. Kh2 Nf2 44. Qb8 h5 45. Kg3 Nh1+ 46. Kh2 h4 47. Qe8+ Kh6 48. Qh8+ Kg6 49. Qe8+ Kf5 50. Qh5+ g5 51. Qh7+ Ke6 52. Qxb1 Ng3 53. Qxb5 1-0

[Event "Titled Tuesday intern op 20th Sep Early"]
[Site "Chess.com INT"]
[Date "2022.09.20"]
[Round "8"]
[White "Mogirzan, Matei Valeriu"]
[Black "Chan, Luis"]
[Result "0-1"]
[WhiteElo "1813"]
[BlackElo "2192"]
[PlyCount "78"]
[EventDate "2022.09.20"]
[EventType "swiss (blitz)"]
[EventRounds "11"]
[EventCountry "USA"]
[SourceTitle "EXT 2023"]
[Source "ChessBase"]
[SourceDate "2022.10.05"]
[SourceVersion "1"]
[SourceVersionDate "2022.10.05"]
[SourceQuality "1"]

1. e4 e6 2. d4 d5 3. Nd2 c5 4. c3 Nc6 5. Ngf3 Nf6 6. e5 Nd7 7. Bd3 Qb6 8. 0-0 cxd4 9. cxd4 Nxd4 10. Nxd4 Qxd4 11. Nf3 Qb6 12. Be3 Bc5 13. Bd2 h6 14. a3 0-0 15. b4 Bd4 16. Nxd4 Qxd4 17. Bxh6 Qxe5 18. Be3 Qf6 19. Bd4 e5 20. Bb2 Qh6 21. f4 e4 22. Be2 Nb6 23. Qd4 Bf5 24. g4 Bd7 25. g5 Qh7 26. f5 f6 27. g6 Qh3 28. Rf4 Bxf5 29. Raf1 Bxg6 30. Bg4 Qh6 31. Qc5 Rae8 32. Qc7 Rf7 33. Qd6 Qg5 34. Kh1 e3 35. Be6 e2 36. Re1 Rxe6 37. Qxe6 Qxf4 38. Qe8+ Kh7 39. Rxe2 Qf1# 0-1

[Event "Titled Tuesday intern op 13th Sep Early"]
[Site "Chess.com INT"]
[Date "2022.09.13"]
[Round "7"]
[White "Chan, Luis"]
[Black "Devaev, Alexander"]
[Result "1-0"]
[WhiteElo "2192"]
[BlackElo "2325"]
[PlyCount "47"]
[EventDate "2022.09.13"]
[EventType "swiss (blitz)"]
[EventRounds "11"]
[EventCountry "USA"]
[SourceTitle "EXT 2023"]
[Source "ChessBase"]
[SourceDate "2022.10.05"]
[SourceVersion "1"]
[SourceVersionDate "2022.10.05"]
[SourceQuality "1"]

1. b3 d5 2. Bb2 c5 3. e3 a6 4. f4 Nc6 5. Nf3 Nf6 6. Be2 g6 7. 0-0 Bg7 8. Ne5 Bd7 9. c4 dxc4 10. Bxc4 0-0 11. a4 Nxe5 12. Bxe5 b5 13. Be2 Bc6 14. Qc2 Qb6 15. a5 Qb7 16. Bf3 Rac8 17. Nc3 Nd5 18. Bxg7 Kxg7 19. Ne4 Qa8 20. Qxc5 Nxf4 21. exf4 Bxe4 22. Qd4+ e5 23. Qxe5+ f6 24. Qxe4 1-0

[Event "Titled Tuesday intern op 06th Sep Early"]
[Site "Chess.com INT"]
[Date "2022.09.06"]
[Round "5"]
[White "Jakubowska, Anna"]
[Black "Chan, Luis"]
[Result "0-1"]
[WhiteElo "2139"]
[BlackElo "2192"]
[PlyCount "80"]
[EventDate "2022.09.06"]
[EventType "swiss (blitz)"]
[EventRounds "11"]
[EventCountry "USA"]
[SourceTitle "EXT 2023"]
[Source "ChessBase"]
[SourceDate "2022.10.05"]
[SourceVersion "1"]
[SourceVersionDate "2022.10.05"]
[SourceQuality "1"]

1. e4 e6 2. d4 d5 3. Nd2 c5 4. exd5 Qxd5 5. Ngf3 cxd4 6. Bc4 Qd7 7. 0-0 Nc6 8. Nb3 a6 9. Nbxd4 Nxd4 10. Nxd4 Qc7 11. Bb3 Bd6 12. h3 Ne7 13. c3 0-0 14. Bc2 e5 15. Nb3 f5 16. Bg5 Be6 17. Qh5 h6 18. Bxe7 Qxe7 19. Rfe1 Rad8 20. Rad1 b6 21. Re3 a5 22. Rg3 Kh8 23. Rg6 Qf7 24. g4 fxg4 25. hxg4 Qxf2+ 26. Kh1 Qxc2 27. Rd2 Qb1+ 28. Kg2 Bf7 29. Rxh6+ gxh6 30. Qxh6+ Qh7 31. Rxd6 Qxh6 32. Rxh6+ Kg7 33. Rxb6 Bd5+ 34. Kg3 Rf3+ 35. Kh4 a4 36. Nc5 Rf6 37. Rb5 Rh8+ 38. Kg5 Rhh6 39. Nd7 Rhg6+ 40. Kh4 Rd6 0-1

[Event "Titled Tuesday intern op 06th Sep Early"]
[Site "Chess.com INT"]
[Date "2022.09.06"]
[Round "2"]
[White "Narayanan, Srinath"]
[Black "Chan, Luis"]
[Result "0-1"]
[WhiteElo "2559"]
[BlackElo "2192"]
[PlyCount "82"]
[EventDate "2022.09.06"]
[EventType "swiss (blitz)"]
[EventRounds "11"]
[EventCountry "USA"]
[SourceTitle "EXT 2023"]
[Source "ChessBase"]
[SourceDate "2022.10.05"]
[SourceVersion "1"]
[SourceVersionDate "2022.10.05"]
[SourceQuality "1"]

1. d4 d6 2. Nf3 Nf6 3. Bf4 g6 4. e3 Bg7 5. h3 0-0 6. Bh2 c5 7. c3 Qb6 8. Qc1 Nc6 9. Nbd2 d5 10. a4 Bf5 11. a5 Qd8 12. dxc5 Nd7 13. a6 Nxc5 14. b4 Nxa6 15. b5 Nab4 16. bxc6 Nc2+ 17. Kd1 Nxa1 18. cxb7 Qa5 19. bxa8Q Rxa8 20. Nd4 Bd7 21. Qb2 e5 22. N4b3 Nxb3 23. Nxb3 Ba4 24. Bd3 Rb8 25. Bc2 Qb5 26. Kd2 Bxb3 27. Rb1 Bc4 28. Qa3 Qe8 29. Qxa7 Rxb1 30. Bxb1 h5 31. Bc2 Qd8 32. Bg3 Qf6 33. Qb8+ Kh7 34. Qb4 h4 35. Bxh4 Qxh4 36. Ke1 Bh6 37. Qb7 Kg7 38. Qc7 Qf6 39. g3 e4 40. Bxe4 Qxc3+ 41. Kd1 Bb3+ 0-1

[Event "Titled Tuesday intern op 06th Sep Early"]
[Site "Chess.com INT"]
[Date "2022.09.06"]
[Round "6"]
[White "Seo, Jung Min"]
[Black "Chan, Luis"]
[Result "1-0"]
[WhiteElo "2516"]
[BlackElo "2192"]
[PlyCount "57"]
[EventDate "2022.09.06"]
[EventType "swiss (blitz)"]
[EventRounds "11"]
[EventCountry "USA"]
[SourceTitle "EXT 2023"]
[Source "ChessBase"]
[SourceDate "2022.10.05"]
[SourceVersion "1"]
[SourceVersionDate "2022.10.05"]
[SourceQuality "1"]

1. Nf3 d5 2. c4 d4 3. b4 f6 4. e3 e5 5. c5 a5 6. Qa4+ Bd7 7. b5 Bxc5 8. Bc4 Nh6 9. exd4 exd4 10. 0-0 Nf5 11. Re1+ Kf8 12. Ba3 Bxa3 13. Nxa3 c5 14. bxc6 Bxc6 15. Qb3 Nd7 16. Qd3 g6 17. Nb5 Bxf3 18. Qxf3 Ne5 19. Rxe5 fxe5 20. Qxb7 Ne7 21. Re1 Qc8 22. Qf3+ Nf5 23. Nd6 Qd8 24. Nxf5 gxf5 25. Rxe5 Kg7 26. Qg3+ Kf8 27. Rxf5+ Ke8 28. Qe5+ Kd7 29. Rf7+ 1-0